Medzinárodný controlling a riadenie rizika bakalárska práca

Salvato in:
Dettagli Bibliografici
Autore principale: Ptáčková, Monika
Ente Autore: Obchodná fakulta EU. Katedra medzinárodného obchodu
Altri autori: Jamborová, Erika Mária
Natura: Libro
Lingua:slovacco
Pubblicazione: Bratislava 2013
Tags: Aggiungi Tag
Nessun Tag, puoi essere il primo ad aggiungerne!!

MARC

LEADER 00000nbm a2200000 4500
001 0171232
005 20161109112024.8
041 0 |a slo 
044 |a SK 
245 1 0 |a Medzinárodný controlling a riadenie rizika  |b bakalárska práca  |c Monika Ptáčková ; školiteľ: Erika Mária Jamborová 
264 1 |a Bratislava  |c 2013 
300 |a 44 s. 
100 1 |a Ptáčková, Monika 
700 1 |a Jamborová, Erika Mária 
710 2 |a Obchodná fakulta EU. Katedra medzinárodného obchodu